Utilisateurs du nen de la spécialisation (Hunter X Hunter) - Statistiques

Statistiques générales
  • Ce quiz a été pris 78 fois
  • Le résultat moyen est 5 sur 13
Statistiques - réponses
Première apparition Réponse % Correct
Chapitre 2 / épisode 1 Kurapika
90%
Chapitre 71 / épisode 41 Kuroro Lucifer
90%
Chapitre 213 / épisode 91 Meruem
63%
Chapitre 197 / épisode 84 Neferupito
55%
Chapitre 70 / épisode 41 Neon Nostrad
37%
Chapitre 71 / épisode 41 Pakunoda
35%
Chapitre 192 / épisode 81 Leoru
29%
Chapitre 189 / épisode 79 Meleoron
23%
Film Phantom Rouge Omokage
19%
Chapitre 200 / épisode 86 Pamu
19%
Chapitre 345 Tseridonihi Hoicoro
5%
Chapitre 321 / épisode 138 Aruka Zoldik
3%
Chapitre 397 Renko
3%
Aucun quiz correspondant
Distribution des résultats
% des personnes avec chaque résultat
Percentile par nombre de réponses
Votre historique - résultats
Vous n’avez pas pris ce quiz